000 00604nam a2200169 4500
001 137079
003 ES-MaACL
005 20230906195315.0
007 t|
008 070214s1972 sp r ||||1| spa d
100 1 _aSalvador, Emilia.
_9102069
245 1 3 _aLa economía valenciana en el siglo XVI
_b: (comercio de importación) /
_cEmilia Salvador.
260 _aValencia :
_bUniversidad de Valencia. Departamento de Historia Moderna,
_c1972.
300 _aVI, 408 p. ;
_c22 cm.
710 2 _aUniversidad de Valencia.
_bDepartamento de Historia Moderna.
_97321
852 _aES-MaACL
_jC-43731
_bR.82144
999 _c137079
_d137079